| 000 | 00695cam a2200145 4500500 | ||
|---|---|---|---|
| 005 | 20251228073639.0 | ||
| 041 | _afre | ||
| 042 | _adc | ||
| 100 | 1 | 0 |
_aZagdoun, Mary-Anne _eauthor |
| 245 | 0 | 0 | _aBoardman John éd., Beazley J. D., The Lewes House Collection of Ancient Gems (now at the Museum of Fine Arts, Boston) (Studies in Classical Archaeology, 2), Oxford, The Beazley Archive and Archeopress, 2002, 1 vol. 21,5 × 30,5, 126 p., fig. ds t., 30 pl. h. t. |
| 260 | _c2004. | ||
| 500 | _a3 | ||
| 786 | 0 | _nRevue archéologique | 38 | 2 | 2004-09-01 | p. 419d-441d | 0035-0737 | |
| 856 | 4 | 1 | _uhttps://shs.cairn.info/revue-archeologique-2004-2-page-419d?lang=fr&redirect-ssocas=7080 |
| 999 |
_c1595675 _d1595675 |
||